| 000 | 00624nam a2200181 i 4500 | ||
|---|---|---|---|
| 001 | 50738 | ||
| 003 | ES-MaACL | ||
| 005 | 20230906162230.0 | ||
| 007 | t| | ||
| 008 | 030806s1968 sp ||||1| spa d | ||
| 100 | 1 |
_aCuello Calón, Eugenio. _941986 |
|
| 245 | 1 | 0 |
_aDerecho penal _b: conforme al nuevo "Código Penal, texto revidado de 1963" / _cEugenio Cuello Calón ; adaptado y puesto al día por César Camargo Hernández. |
| 250 | _a15ª ed. | ||
| 260 |
_aBarcelona : _bBosch, _c[1968] |
||
| 300 |
_a2 t. en 3 v. ; _c23 cm. |
||
| 700 | 1 |
_aCamargo Hernández, César. _934012 |
|
| 852 |
_aES-MaACL _jC-38733-35 _bR.71140 |
||
| 999 |
_c50738 _d50738 |
||